| 000 | 00548nam a2200169Ia 4500 | ||
|---|---|---|---|
| 008 | 090201s9999 xx 000 0 und d | ||
| 010 | _aKPL-54705 | ||
| 040 | _bमराठी | ||
| 041 | _aमराठी | ||
| 082 |
_a38940 _b54705 |
||
| 100 | _aसुधा मराठे | ||
| 245 |
_aतु जिंकलास मी हरले _cसुधा मराठे |
||
| 260 |
_c2004 _bगौरी प्रकाशन |
||
| 300 |
_a160 _bमोठा |
||
| 600 | _aतु जिंकलास मी हरले | ||
| 942 | _cBOOK | ||
| 999 |
_c236349 _d236349 |
||